| 000 | 01819nam a2200265 a 4500 | ||
|---|---|---|---|
| 001 | 78206 | ||
| 003 | BD-RjUL | ||
| 005 | 20211209083113.0 | ||
| 008 | 210413s2006 bg a|||| m||| 00| 0 ben d | ||
| 035 | _a(BD-RjUL)78432 | ||
| 040 |
_aBD-RjUL _bben / eng _cBD-RjUL _dBD-RjUL |
||
| 041 | _aben | ||
| 082 |
_a398.0954925 _bRAS 2006 _223 |
||
| 100 |
_aরায়, প্রণব কুমার _9246979 |
||
| 245 |
_aসুন্দরবনাঞ্চলের লোকসংস্কৃতি : _bঐতিহ্য ও বিবর্তন / _cপ্রণব কুমার রায় ; _6প্রধান তত্ত্বাবধায়ক : সাইফুদ্দীন চৌধুরী ; সহ. তত্ত্বাবধায়ক : মো. আবুল ফজল |
||
| 260 |
_aরাজশাহী : _bফোকলোর বিভাগ, রাজশাহী বিশ্ববিদ্যালয়, _c২০০৬ |
||
| 300 |
_a[৭], ২২৮ পাতা : _bচিত্র ; _c৩০ সেমি. |
||
| 502 | _aথিসিস (এম. ফিল.) -- ফোকলোর বিভাগ, রাজশাহী বিশ্ববিদ্যালয়, ২০০৬ | ||
| 504 | _aগ্রন্থপঞ্জি : পাতা [২২৩] - ২২৮ | ||
| 650 |
_aলোকসংস্কৃতি _xইতিহাস _zবাংলাদেশ _zখুলনা জেলা _zসুন্দরবন অঞ্চল _9246980 |
||
| 650 |
_aFolklore _xHistory _zBangladesh _zSundarbans region _zKhulna district _9246981 |
||
| 700 |
_aচৌধুরী, সাইফুদ্দীন, প্রধান তত্ত্বাবধায়ক _9246982 |
||
| 700 |
_aফজল, মো. আবুল, সহ. তত্ত্বাবধায়ক _9246983 |
||
| 942 |
_2ddc _cTHE |
||
| 999 |
_c78206 _d78206 |
||